000 00813nas a2200277 4500
001 BR9207440
003 BR-BrBNA
005 20231205095029.0
007 ta
008 230509b bl.|||p| |||| 00| 00por d
040 _aBR-BrBNA
_bpor
_cBiblioteca Nacional de Agricultura
041 _a(Pt)
072 _aE70
100 1 _aRocha, E.M.P. da
100 1 _aTeixeira, T.D.
245 1 _aPolitica de paridade para o setor agropecuario do estado de Minas Gerais
650 _aAgricultura
650 _aPecuaria
650 _aDesenvolvimento Economico
650 _aCredito Rural
650 _aPolitica de Preco
650 _aMinas Gerais
773 0 _tUFV - Debate (Brazil)
_xISSN 0102-3675
_g(Jun 1985), (no. 8) p. 69-84
_wBR9207440
909 _a202311
_bLúcia
_c55
_dLúcia Elande
942 _2AGRIS
_n0
_cANA
999 _c148350
_d148350